| 000 | 00698nam a22002537a 4500 | ||
|---|---|---|---|
| 003 | UA-OsUOA | ||
| 001 | 31091 | ||
| 007 | ta | ||
| 008 | 20041201b un ||||| |||| 00| 0 ukr d | ||
| 100 | _aШовкопляс І. Г. | ||
| 090 |
_a902.6 _bШ78 |
||
| 942 | _cBK | ||
| 040 |
_aUA-OsUOA _bukr _cUA-OsUOA _dUA-OsUOA |
||
| 245 |
_aОснови археології _bпідручник |
||
| 300 |
_a224 с. _bІлюстрації |
||
| 955 | _a2 | ||
| 041 | _aukr | ||
| 080 | _a902.6 | ||
| 260 |
_aК. _bВища школа _c1972 |
||
| 044 | _aUA | ||
| 250 | _n2-е вид., випр. і доп. | ||
| 650 | 7 |
_a9 Географія. Біографії. Історія _2UDC |
|
| 999 |
_c317512 _d317512 |
||